01174nam a2200265 a 450000100060000000300080000600500170001400800410003103500190007204000270009104100080011808200280012611000350015424501340018926000670032330000360039049000690042650000950049550401090059050400500069965000210074970000370077070000340080783000670084145111BD-RjUL20211209053950.0880808r1950 enka b 001 0 eng d a(BD-RjUL)45229 aPLFcPLFdBD-RjULbeng aeng 223a338.54082bREA 19542 aAmerican Economic Association.10aReadings in business cycle theory /cselected by a committee of the American Economic Association. [Gottfried Haberler, chairman] aLondon : bGeorge Allen and Unwin ltd, c1950 [Impressin 1954] axvi, 494 p. : bill. ; c22 cm.1 aBlakiston series of republished articles on economics ;vvol. 2  a"The Selection Committee for this volume was under the chairmanship of Gottfried Haberler. a"Classified bibliography of articles on business cycle theory, complied by Harold M. Somers": p. 443-487 aIncludes bibliographical references and index 0aBusiness cycles.1 aHaberler, Gottfried,d1900-1995.1 aSomers, Harold Milton,d1915- 0aBlakiston series of republished articles on economics ;vv. 2.